Music Quiz

Random Music or Song Quiz
Score 0/269 Timer 06:00
26 Plays Today
% Correct
you.
98.4%
you
98.4%
you
98.4%
you
98.4%
you
98.4%
you
98.4%
you,
98.4%
you.
98.4%
you
98.4%
you
98.4%
you
98.4%
you
98.4%
I
97.5%
I
97.5%
I
97.5%
I
97.5%
I
97.5%
I
97.5%
I
97.5%
I
97.5%
I
97.5%
I
97.5%
I
97.5%
I
97.5%
I
97.5%
a
97.1%
the
97.1%
the
97.1%
the
97.1%
the
97.1%
the
97.1%
the
97.1%
the
97.1%
the
97.1%
the
97.1%
the
97.1%
the
97.1%
the
97.1%
the
97.1%
the
97.1%
the
97.1%
the
97.1%
the
97.1%
the
97.1%
the
97.1%
be
95.7%
be
95.7%
be
95.7%
be
95.7%
be
95.7%
be
95.7%
be
95.7%
be
95.7%
to
94.7%
to
94.7%
to
94.7%
to
94.7%
to
94.7%
to
94.7%
to
94.7%
to
94.7%
that
94.1%
that
94.1%
that
94.1%
that
94.1%
that
94.1%
that
94.1%
that
94.1%
that
94.1%
that
94.1%
that
94.1%
that
94.1%
that
94.1%
that
94.1%
that
94.1%
that
94.1%
that
94.1%
wonderwall.
94%
wonderwall.
94%
wonderwall.
94%
gonna
93.1%
gonna
93.1%
gonna
93.1%
gonna
93.1%
gonna
93.1%
gonna
93.1%
gonna
93.1%
gonna
93.1%
gonna
93.1%
is
92.4%
% Correct
your
92.1%
is
91.8%
is
91.8%
all
91.7%
all
91.7%
all
91.7%
all,
91.7%
all
91.7%
all
91.7%
all,
91.7%
all,
91.7%
do.
90.6%
do,
90.6%
do
90.6%
do.
90.6%
do,
90.6%
on
90.2%
my
89.9%
my
89.9%
my
89.9%
you're
89.4%
you're
89.4%
you're
89.4%
you're
89.4%
you're
89.4%
you're
89.4%
you're
89.4%
you're
89.4%
You're
89.4%
You're
89.4%
it
88.5%
it
88.5%
it
88.5%
day
88.3%
day
88.3%
back
87.5%
Back
87.5%
back
87.5%
Today
87.2%
Today
87.2%
now
87.1%
now.
87.1%
now.
87.1%
now
87.1%
now.
87.1%
And
86.9%
And
86.9%
And
86.9%
And
86.9%
And
86.9%
And
86.9%
And
86.9%
don't
86.2%
don't
86.2%
don't
86.2%
don't
86.2%
don't
86.2%
after
85.6%
after
85.6%
after
85.6%
way
84.6%
way
84.6%
way
84.6%
way
84.6%
one
84.1%
one
84.1%
one
84.1%
one
84.1%
one
84.1%
one
84.1%
me.
83.4%
me.
83.4%
me.
83.4%
me.
83.4%
me.
83.4%
me.
83.4%
are
82.9%
are
82.9%
are
82.9%
are
82.9%
are
82.9%
are
82.9%
about
81.9%
about
81.9%
about
81.9%
believe
81.2%
believe
81.2%
believe
81.2%
anybody
80.6%
anybody
80.6%
% Correct
anybody
80.6%
what
80.5%
what
80.5%
but
80.5%
but
80.5%
but
80.5%
but
80.5%
feels
80.5%
feels
80.5%
feels
80.5%
saves
80.1%
saves
80.1%
saves
80.1%
saves
80.1%
saves
80.1%
saves
80.1%
should've
79.1%
should've
79.1%
maybe,
78.9%
maybe,
78.9%
maybe,
78.9%
maybe,
78.9%
By
78.8%
By
78.8%
know
77.6%
know
77.6%
there
76.3%
There
76.3%
there
76.3%
There
76.3%
street
76.2%
in
76%
throw
75.6%
throw
75.6%
somehow
75.6%
somehow
75.6%
say
75%
say
75%
realised
75%
realised
75%
word
74.9%
gotta
74%
we
73.9%
fire
73.3%
winding.
73.2%
winding.
73.2%
heart
73.1%
roads
72.9%
roads
72.9%
out.
72.7%
things
72.6%
things
72.6%
blinding.
72.3%
blinding.
72.3%
beat,
71.9%
like
71.8%
like
71.8%
I'm
71.2%
they're
71%
never
71%
never
71%
have
70.8%
how.
70.7%
how.
70.7%
would
70.6%
would
70.6%
many
70.2%
many
70.2%
had
69.5%
lead
68.8%
lead
68.8%
before
67.6%
was
67.2%
light
67.2%
heard
67%
really
66.5%
doubt.
66.3%
you've
65.3%
said
64.3%
said
64.3%
said
64.3%
sure
63.5%
lights
63.3%
lights
63.3%
us
62.6%
walk
61.3%
Because
54.3%
they'll
48.4%
not
46%
Remove Ads.
Support Sporcle.
Get the best of Sporcle when you Go Orange. This ad-free experience offers more features, more stats, and more fun while also helping to support Sporcle. Thank you for becoming a member.

You're not logged in!

Compare scores with friends on all Sporcle quizzes.
OR
Log In

Show Comments

Extras

Top Quizzes Today


Score Distribution

Your Account Isn't Verified!

In order to create a playlist on Sporcle, you need to verify the email address you used during registration. Go to your Sporcle Settings to finish the process.

Report this User

Report this user for behavior that violates our Community Guidelines.

Details: